Role of educational institutions in management training for national development
Gespeichert in:
| Format: | Buch |
|---|---|
| Sprache: | Undetermined |
| Veröffentlicht: |
Sài Gòn
Management Association of VietNam
1974
|
| Schlagworte: | |
| Tags: |
Tag hinzufügen
Keine Tags, Fügen Sie den ersten Tag hinzu!
|
| Thư viện lưu trữ: | Trung tâm Học liệu Trường Đại học Cần Thơ |
|---|
| LEADER | 00502nam a2200157Ia 4500 | ||
|---|---|---|---|
| 001 | CTU_22083 | ||
| 008 | 210402s9999 xx 000 0 und d | ||
| 082 | |a 658.007 | ||
| 082 | |b M266 | ||
| 245 | 0 | |a Role of educational institutions in management training for national development | |
| 260 | |a Sài Gòn | ||
| 260 | |b Management Association of VietNam | ||
| 260 | |c 1974 | ||
| 650 | |a management - study and teaching | ||
| 904 | |i Minh, 980303 | ||
| 980 | |a Trung tâm Học liệu Trường Đại học Cần Thơ | ||